|
|
|
|
| LEADER |
00000nab a2200000 a 4500 |
| 001 |
vtls000913105 |
| 003 |
SK-MaSNL |
| 005 |
20260302174443.0 |
| 008 |
040720e19910613xo 0 slo |
| 035 |
|
|
|a KE22007
|
| 040 |
|
|
|a KEVKJB
|b slo
|c KEVKJB
|e AACR2
|
| 041 |
0 |
|
|a slo
|
| 044 |
|
|
|a xo
|c SK
|
| 080 |
|
|
|a 628.474
|2 1981
|
| 100 |
1 |
|
|a Kmec, Ľ.
|4 aut
|9 882340
|
| 245 |
1 |
0 |
|a Mestská spaľovňa od pondelka ?
|b Začali bez povolení, stoja.....
|
| 650 |
0 |
7 |
|a spaľovne odpadu
|2 KEVKJB
|9 150869
|
| 650 |
0 |
7 |
|a prevádzka
|2 KEVKJB
|9 276812
|
| 650 |
0 |
7 |
|a reportáže
|2 KEVKJB
|9 75670
|
| 651 |
|
7 |
|a Košice (Slovensko)
|2 KEVKJB
|9 18694
|
| 651 |
|
7 |
|a KE,
|2 KEVKJB
|9 877256
|
| 655 |
|
7 |
|a periodikum
|2 snkbucl
|9 29553
|
| 773 |
0 |
8 |
|t Večer
|g Roč. 2, č.114, 13.6.1991, s. 3
|
| 852 |
|
|
|a ZVYKNI
|b KIS3GCP
|
| 999 |
|
|
|c 1404101
|d 1406031
|